000 00585nam a2200241Ia 4500
008 210210b1989 xxu||||| |||| 00| 0 eng d
020 _a0 07 100602 8
082 _a621.38132 SCHE
100 _aSCHILLING (Donald L) and others.
245 _aElectronic cirsuits discrete and integrated. Ed 3.
250 _a
260 _aNew York
_bMcGraw-Hill,
_c1989
300 _axxii,936
650 _aintegrated.
650 _aElectronic
650 _aEd
650 _adiscrete
650 _acirsuits
650 _aand
650 _a3.
690 _aElectronics
906 _a044432
999 _c93993
_d93993